[Event "CAN-ch U14"]
[Site "Ottawa"]
[Date "2013.07.12"]
[Round "6"]
[White "Laframboise, Ian"]
[Black "Brown, Nicholas"]
[Result "1-0"]
[WhiteElo "1013"]
[BlackElo "756"]
[PlyCount "101"]
[EventDate "2013.07.10"]
[EventType "swiss"]
[EventRounds "6"]
[EventCountry "CAN"]
[SourceTitle "EXT 2022"]
[Source "ChessBase"]
[SourceDate "2021.10.06"]
[SourceVersion "1"]
[SourceVersionDate "2021.10.06"]
[SourceQuality "1"]

1. d4 e5 2. e4 d5 3. Be3 Qf6 4. Nc3 c6 5. Bd3 Qg6 6. Qf3 Bg4 7. Qg3 f6 8. exd5 Ne7 9. Bxg6+ hxg6 10. Qxg4 Nxd5 11. Nxd5 cxd5 12. Qxg6+ Ke7 13. Bg5 fxg5 14. Qxg5+ Kd6 15. dxe5+ Ke6 16. 0-0-0 Be7 17. Qxg7 Rd8 18. c4 dxc4 19. Rxd8 Bxd8 20. Qxb7 Nc6 21. Qxc6+ Kxe5 22. f4+ Kd4 23. Qxa8 Bb6 24. Qh8+ Kd3 25. Ne2 Kxe2 26. Qf6 Kd3 27. Qxb6 axb6 28. f5 Ke4 29. Kd2 Kxf5 30. g4+ Kxg4 31. a4 Kf5 32. h4 Ke4 33. b3 cxb3 34. Kc3 Kd5 35. Rc1 Ke5 36. Kxb3 Kf5 37. a5 bxa5 38. Ka4 Kg4 39. Kxa5 Kxh4 40. Rg1 Kh3 41. Kb5 Kh2 42. Rg8 Kh3 43. Kc5 Kh4 44. Kd5 Kh5 45. Ke5 Kh6 46. Kf5 Kh7 47. Rg3 Kh8 48. Kf6 Kh7 49. Rg2 Kh8 50. Kf7 Kh7 51. Rh2# 1-0

[Event "CAN-ch U14"]
[Site "Ottawa"]
[Date "2013.07.11"]
[Round "4"]
[White "Mainville, Yanic"]
[Black "Laframboise, Ian"]
[Result "1-0"]
[WhiteElo "905"]
[BlackElo "1013"]
[PlyCount "25"]
[EventDate "2013.07.10"]
[EventType "swiss"]
[EventRounds "6"]
[EventCountry "CAN"]
[SourceTitle "EXT 2022"]
[Source "ChessBase"]
[SourceDate "2021.10.06"]
[SourceVersion "1"]
[SourceVersionDate "2021.10.06"]
[SourceQuality "1"]

1. e4 c6 2. d4 d5 3. f3 Be6 4. Bf4 c5 5. Nc3 cxd4 6. Qxd4 Nc6 7. Qd2 d4 8. Nb5 Kd7 9. 0-0-0 Bxa2 10. Nxd4 Nxd4 11. Qxd4+ Ke8 12. Bb5+ Qd7 13. Qxd7# 1-0